Estadísticas para Cuatro Países con Banderas Similares #2

Haz click aquí para tomar la prueba!

Estadísticas generales

  • Esta prueba ha sido tomada 502 veces
  • La puntuación promedio es 14 de 16

Estadísticas de respuestas

Respuesta% Correcto
Polonia
98%
Austria
96%
Egipto
93%
Irak
92%
Mónaco
90%
Indonesia
90%
Siria
89%
Lituania
84%
Ghana
83%
Etiopía
82%
Yemen
79%
Jordania
79%
Bolivia
77%
Emiratos Árabes Unidos
77%
Kuwait
76%
Sudán
67%

Distribución de puntuación

Porcentaje por número respondido

Porcentaje de gente con cada puntuación

Historial de tus puntuaciones

No has tomado esta prueba